| 000 | 01208cam a2200289 a 4500 | ||
|---|---|---|---|
| 999 |
_c6609 _d6609 |
||
| 003 | OSt | ||
| 005 | 20200227130228.0 | ||
| 008 | 140717t2014 ck rl 000 0 spa d | ||
| 015 | _aSSS | ||
| 020 | _a9789587671247 | ||
| 040 |
_aCO-BoPUJ _cCO-JMCR |
||
| 041 | 0 | _aspa | |
| 043 | _as-ck--- | ||
| 082 | 0 | 4 |
_a343.8 / _bG569r |
| 100 | 1 |
_aGómez Lee, Iván Darío, _eautor _9969 |
|
| 245 | 1 | 0 |
_aResponsabilidad fiscal y gerencia de recursos públicos _bmarcos normativos y preventivos: el proceso de responsabilidad y sus procedimientos _cIván Darío Gómez Lee |
| 250 | _aPrimera edición | ||
| 260 |
_aBogotá : _bLegis, _cc2014. |
||
| 300 |
_axv, 410 páginas ; _c24 cm. |
||
| 504 | _aIncluye referencias bibliográficas páginas 399-410. | ||
| 505 | _aPrincipales asuntos en la gerencia de recurso públicos -- Actividad de gestión fiscal y gerencia pública -- El contexto de la responsabilidad fiscal -- El proceso de responsabilidad fiscal y sus procedimientos ordinario y verbal | ||
| 650 | 1 | 4 |
_aDerecho fiscal _zColombia _9970 |
| 650 | 2 | 4 |
_aResponsabilidad legal _zColombia _9971 |
| 650 | 2 | 4 |
_aContratos públicos _zColombia _9972 |
| 650 | 2 | 4 |
_aPolítica fiscal _zColombia _9973 |
| 942 |
_2ddc _cBK |
||